Những nhân vật lịch sử đời Lê Thảm án công thần khai quốc đời Lê

Phải chuyển số PL về 895.9223081

Bewaard in:
Bibliografische gegevens
Hoofdauteur: Đinh Công Vĩ
Formaat: Boek
Taal:Undetermined
Gepubliceerd in: Hà Nội VHDT 2001
Onderwerpen:
Tags: Voeg label toe
Geen labels, Wees de eerste die dit record labelt!
Thư viện lưu trữ: Trung tâm Học liệu Trường Đại học Cần Thơ
LEADER 00635nam a2200193Ia 4500
001 CTU_40709
008 210402s9999 xx 000 0 und d
082 |a 895.9223 
082 |b V300 
100 |a Đinh Công Vĩ 
245 0 |a Những nhân vật lịch sử đời Lê 
245 0 |b Thảm án công thần khai quốc đời Lê 
245 0 |c Đinh Công Vĩ 
260 |a Hà Nội 
260 |b VHDT 
260 |c 2001 
520 |a Phải chuyển số PL về 895.9223081 
650 |a historical fiction, vietnamese - 20th century 
980 |a Trung tâm Học liệu Trường Đại học Cần Thơ